LEADER 01433nam a2200265 i 4500 001 000000004575 003 CaOOAMICUS 005 20180830125437.0 008 180830s2016 it u000 u ita u 022 $a978-88-6894-150-5 040 $aSeMil$bita 245 10$aStoria religiosa dello spazio romeno /$csotto la direzione di Cesare Alzati ; a cura di Luciano Vaccaro. 260 $aMilano :$bCentro Ambrosiano,$ccopyr. 2016. 300 $a2 v. (770 p.) :$b16 p. di tav., tabelle ;$c18 cm. 500 $aAtti della 24. Settimana europea, Gazzada (Varese), Villa Cagnola, 3-7 settembre 2002. 650 4$aRomania - Storia religiosa.$0(OLS)http://semarc/subject/42549 700 1 $aFondazione Ambrosiana Paolo 6. : Settimana europea «Storia religiosa della Romania» <24. ; 2002>.$0(OLS)http://semarc/name/89324 700 1 $aVaccaro, Luciano.$0(OLS)http://semarc/name/205 700 1 $aAlzati, Cesare.$0(OLS)http://semarc/name/2564 773 0 $aFondazione Ambrosiana Paolo 6. $tEuropa ricerche.$dMilano : Centro Ambrosiano, 1995-$kEuropa ricerche$w()229 774 0 $t1. volume.$kEuropa ricerche$g1$w()257724 774 0 $t2. volume.$kEuropa ricerche$g2$w()257725 996 $6022$a978-88-6894-150-5$9(OLS)http://semarc/number/269683 996 $6245$aStoria religiosa dello spazio romeno$9(OLS)http://semarc/title/400546 996 $6260$aMilano :$bCentro Ambrosiano$9(OLS)http://semarc/publisher/29766 LEADER 01173nam a2200241 i 4500 001 000000189599 003 CaOOAMICUS 005 20100513000000.0 008 100513s1922 gw u000 u ger u 013 $a167873 040 $aSeMil$bita 100 1 $aDölger, Franz Joseph <1879-1940>.$0(OLS)http://semarc/name/1090 245 14$aDer heilige Fisch in den antiken Religionen und im Christentum :$bTextband /$cvon Franz Joseph Dölger. 260 $aMünster in Westf. :$bAschendorff,$c1922. 300 $aXIV, 656 p. ;$c25 cm. 650 4$aGesù Cristo - Simbologia.$0(OLS)http://semarc/subject/454 650 4$aPesci - Aspetti religiosi.$0(OLS)http://semarc/subject/455 650 4$aSimboli - Cristianesimo.$0(OLS)http://semarc/subject/457 773 0 $aDölger, Franz Joseph <1879-1940>$tIchtys.$dMünster in Westf. : Aschendorff $gBd.2$w()1240 850 $aSeMil 852 $aSeMil$W1$xVenegono$y1$m2X V 135$j140230$B140230$CSeMilBibl$Z2$F151841 $81 996 $6245$aDer heilige Fisch in den antiken Religionen und im Christentum :$bTextband$9(OLS)http://semarc/title/272989 996 $6260$aMünster in Westf. :$bAschendorff$9(OLS)http://semarc/publisher/30193